The Pros and Cons of Life Without Parole

The question of how societies should respond to their most serious crimes if not with the death penalty is perhaps the oldest of all the issues raised by the two-century struggle in western civilization to end the death penalty' (Bedau, 1990: 481). In this article we draw attention to the rapid...

Full description

Saved in:  
Bibliographic Details
Authors: Appleton, Catherine (Author) ; Grover, Bent (Author)
Format: Print Article
Language:English
Published: 2007
In: The British journal of criminology
Year: 2007, Volume: 47, Issue: 4, Pages: 597-615
Check availability: HBZ Gateway
Keywords:

MARC

LEADER 00000caa a22000002c 4500
001 1639138862
003 DE-627
005 20220608124152.0
007 tu
008 160223s2007 xx ||||| 00| ||eng c
035 |a (DE-627)1639138862 
035 |a (DE-576)45577806X 
035 |a (DE-599)BSZ45577806X 
040 |a DE-627  |b ger  |c DE-627  |e rakwb 
041 |a eng 
100 1 |a Appleton, Catherine  |0 (DE-588)1120350395  |0 (DE-627)873312619  |0 (DE-576)187946787  |4 aut 
109 |a Appleton, Catherine  |a Appleton, Catherine A. 
245 1 4 |a The Pros and Cons of Life Without Parole  |c Catherine Appleton, Bent Grover 
264 1 |c 2007 
336 |a Text  |b txt  |2 rdacontent 
337 |a ohne Hilfsmittel zu benutzen  |b n  |2 rdamedia 
338 |a Band  |b nc  |2 rdacarrier 
520 |a The question of how societies should respond to their most serious crimes if not with the death penalty is perhaps the oldest of all the issues raised by the two-century struggle in western civilization to end the death penalty' (Bedau, 1990: 481). In this article we draw attention to the rapid and extraordinary increase in the use of life imprisonment without parole' in the United States. We aim to critically assess the main arguments put forward by supporters of whole life imprisonment as a punishment provided by law to replace the death penalty and argue against life-long detention as the ultimate sanction 
700 1 |a Grover, Bent  |4 aut 
773 0 8 |i In  |t The British journal of criminology  |d Oxford : Univ. Press, 1960  |g 47(2007), 4, Seite 597-615  |w (DE-627)129851361  |w (DE-600)280389-6  |w (DE-576)015150712  |x 0007-0955  |7 nnas 
773 1 8 |g volume:47  |g year:2007  |g number:4  |g pages:597-615 
776 1 |o 10.1093/bjc/azm001 
935 |a mkri 
951 |a AR 
ELC |b 1 
LOK |0 000 xxxxxcx a22 zn 4500 
LOK |0 001 3299431153 
LOK |0 003 DE-627 
LOK |0 004 1639138862 
LOK |0 005 20250516141225 
LOK |0 008 160208||||||||||||||||ger||||||| 
LOK |0 040   |a DE-21-110  |c DE-627  |d DE-21-110 
LOK |0 689   |a s  |a Lebenslange Freiheitsstrafe 
LOK |0 689   |a s  |a Bewährung 
LOK |0 689   |a s  |a Menschenwürde 
LOK |0 689   |a g  |a USA 
LOK |0 689   |a s  |a Menschenrechte 
LOK |0 852   |a DE-21-110 
LOK |0 852 1  |m p  |9 00 
LOK |0 935   |a k110 
LOK |0 938   |k p 
LOK |0 939   |a 08-02-16  |b l01 
ORI |a SA-MARC-krimdoka001.raw